ბათუმის შოთა რუსთაველის სახელმწიფო უნივერსიტეტის ბიბლიოთეკა

კულტურულ მცენარეთა მეთესლეობა თესლმცოდნეობის საფუძვლებით (ბიბ.ჩანაწერი № 59454)

000 -ლიდერი
ფიქსირებული სიგრძის საკონტროლო ველი 01389nam a22002297a 4500
003 - საკონტროლო ნომრის იდენტიფიკატორი
საკონტროლო ველი Ge_BSU
005 - ბოლო ოპერაციის თარიღი და დრო
საკონტროლო ველი 20230221113253.0
008 - ფიქსირებული სიგრძის მონაცემთა ელემენტები - ზოგადი ინფორმაცია
ფიქსირებული სიგრძის საკონტროლო ველი 230221s2014ge xxu||||| |||| 00| 0 geo d
020 ## - წიგნის საერთაშორისო სტანდარტული ნომერი
International Standard Book Number 9789941411762
041 ## - ენის კოდი
Language code of text/sound track or separate title geo
080 ## - უნივერსალური ათობითი კლასიფიკაციის ინდექსი
Universal Decimal Classification number 631.527(075.8) ს-21
100 ## - მთავარი ჩანაწერი - პიროვნების სახელი
Personal name სამადაშვილი, ცოტნე, ავტორი.
9 (RLIN) 16992
245 ## - ცნობა სათაურის შესახებ
Title კულტურულ მცენარეთა მეთესლეობა თესლმცოდნეობის საფუძვლებით
Remainder of title [სახელმძღვ.] /
Statement of responsibility, etc ცოტნე სამადაშვილი, პეტრე ნასყიდაშვილი ; [რედ. ლ. ალფაიძე] ;
264 ## - წარმოების, გამოცემის, დისტრიბუციის და სხვა ცნობები
გამოცემის, წარმოების, დისტრიბუციის... ადგილი თბილისი :
გამოცემის, წარმოების, დისტრიბუციის... სახელწოდება ცოდნა,
გამოცემის, წარმოების, დისტრიბუციის... თარიღი 2014.
300 ## - ფიზიკური აღწერა
Extent 147 გვ. :
Other physical details ილ., ცხრ. ;
Dimensions 20 სმ.
504 ## - BIBLIOGRAPHY, ETC. NOTE
Bibliography, etc ბიბლიოგრ.: გვ. 143-144.
653 ## - INDEX TERM--UNCONTROLLED
Uncontrolled term მცენარეთა სელექცია -- სახელმძღვანელოები
653 ## - INDEX TERM--UNCONTROLLED
Uncontrolled term თესლმცოდნეობა სახელმძღვანელოები უმაღლესი სასწავლებლებისათვის.
700 ## - ADDED ENTRY--PERSONAL NAME
Personal name ნასყიდაშვილი, პეტრე
9 (RLIN) 581
700 ## - ADDED ENTRY--PERSONAL NAME
Personal name ალფაიძე, ლ.
Relator term რედაქტორი
9 (RLIN) 16993
942 ## - ADDED ENTRY ELEMENTS (KOHA)
Source of classification or shelving scheme
Koha item type ქსეროასლი
ეგზემპლარები
ჩამოწერის სტატუსი დაკარგული ეგზემპლარის სტატუსი კლასიფიკაციის წყარო ან თაროზე გაწყობის სქემა დაზიანების სტატუსი არ გაიცემა მუდმივი მდებარეობა (დაცვის ადგილი) ამჟამინდელი ადგილსამყოფელი თაროზე განთავსების ადგილი შეძენის თარიღი ღირებულება, შესყიდვის ნორმალური ფასი სრული შენახვის შიფრი შტრიხკოდი ბოლო ოპერაციის თარიღი ეგზემპლარის მიმდევრობითი ნომერი (კეტერი?) ფასის ძალაში შესვლის თარიღი ეგზემპლარის სახეობა საჯარო შენიშვნა
          ბათუმის შოთა რუსთაველის სახელმწიფო უნივერსიტეტის მთავარი ბიბლიოთეკა ბათუმის შოთა რუსთაველის სახელმწიფო უნივერსიტეტის მთავარი ბიბლიოთეკა წიგნსაცავი 2023-02-21 3.00 631.527(075.8) ს-21 00602 2023-02-21 00602 2023-02-21 ქსეროასლი 3ლ.50თ.